Chou En-lai and the Chinese revolution /

Bibliographic Details
Main Author: Davison, Debbie
Other Authors: Selden, Mark, Hinton, William
Format: Book
Language:English
Published: Los Angeles : US-China Peoples Friendship Association, 1977.
Series:China series.
Subjects:

MARC

Tag First Indicator Second Indicator Subfields
LEADER 00000cam a2200000 i 4500
001 in00000153713
005 20151008080727.0
008 780406s1977 caua 00010 eng d
010 |a  77080263  
020 |z 07780263 :  |c 1.95 
035 |a (OCoLC)03784016 
035 |9 AAT3303AM 
040 |a CXP  |c CXP  |d TXA  |d UtOrBLW 
049 |a TXAM  |c [1557891] 
090 |a DS778.C593  |b D3 
100 1 |a Davison, Debbie. 
245 1 0 |a Chou En-lai and the Chinese revolution /  |c by Debbie Davison and Mark Selden. Chou En-lai, conversations with Americans : interviews /  |c by William Hinton. 
264 1 |a Los Angeles :  |b US-China Peoples Friendship Association,  |c 1977. 
300 |a 2 volumes in 1 (86 pages) :  |b illustrations ;  |c 21 cm. 
336 |a text  |b txt  |2 rdacontent 
337 |a unmediated  |b n  |2 rdamedia 
338 |a volume  |b nc  |2 rdacarrier 
490 1 |a China series 
600 1 0 |a Zhou, Enlai,  |d 1898-1976. 
651 0 |a China  |x Foreign relations  |y 1949- 
651 0 |a China  |x Politics and government  |y 1949- 
700 1 |a Selden, Mark. 
700 1 |a Hinton, William.  |t Chou En-lai, conversations with Americans. 
740 0 |a Chou En-lai, conversations with Americans. 
740 0 |a Conversations with Americans. 
830 0 |a China series. 
999 |a MARS 
999 f f |s 33bfad66-3988-317a-bfb4-a7855e1978e7  |i 3c5af147-4a0e-3cb6-92ab-5e62227385da  |t 0 
952 f f |p ric  |a Texas A&M University  |b Rellis Campus  |c Joint Library Facility  |d Remote Storage  |t 0  |e DS778.C593 D3  |h Library of Congress classification  |i unmediated -- volume  |m A14802074353 
998 f f |a DS778.C593 D3  |t 0  |l Remote Storage